>2023-2024 Second Chance competition week 2, semifinal game 1.
Jeopardy! Round responses
ble class="round">
<tr>>TIMES: NEW ROMAN |
<tr>
<tr>>CHILDREN'S LITERATURE |
<tr>
<tr>>BEST ACTRESS OSCAR WINNERS |
<tr>
<tr>>HOMOPHONIC PAIRS |
<tr>
<tr>>FORKS, KNIVES, SPOONS |
<tr>
<tr>>JUST "E"AT IT |
<tr>
</tr>
<tr>
<tr>
<td>
</tr>
<tr>
>(Myles: Who is the Pope?) (Ken: More specifically?) >r />Pope Francis>r />r />>r>>Myles | >table>
</tr>
able>
<tr>
<td>
</tr>
<tr>
Broom>r />r />>r>>Myles | >table>
</tr>
able>
<tr>
<td>
</tr>
<tr>
June Carter Cash>r />r />>r>>Emily | >table>
</tr>
able>
<tr>
<td>
</tr>
<tr>
(Emily: Oh, no. [Laughs] Uh, I forget.) >r />a dear deer>r />r />>r>>Emily | >Myles | >table>
</tr>
able>
<tr>
<td>
</tr>
<tr>
>>Twilight>r />r />>r>>Christopher | >table>
</tr>
able>
<tr>
<td>
</tr>
<tr>
>the entrée>r />r />>r>>Christopher | >table>
</tr>
able>
</tr>
<tr>
<tr>
<td>
</tr>
<tr>
the EU>r />r />>r>>Emily | >table>
</tr>
able>
<tr>
<td>
</tr>
<tr>
Ivan>r />r />>r>>Triple Stumper | >table>
</tr>
able>
<tr>
<td>
</tr>
<tr>
Margaret Thatcher>r />r />>r>>Christopher | >table>
</tr>
able>
<tr>
<td>
</tr>
<tr>
choose chews>r />r />>r>>Emily | >table>
</tr>
able>
<tr>
<td>
</tr>
<tr>
Häagen-Dazs>r />r />>r>>Christopher | >table>
</tr>
able>
<tr>
<td>
</tr>
<tr>
the eggplant>r />r />>r>>Emily | >table>
</tr>
able>
</tr>
<tr>
<tr>
<td>
</tr>
<tr>
(Christopher: What is the International Criminal Code?) >r />the International Criminal Court>r />r />>r>>Christopher | >Myles | >table>
</tr>
able>
<tr>
<td>
</tr>
<tr>
(Ken: >The Giving Tree, right.) >r />Shel Silverstein>r />r />>r>>Emily | >table>
</tr>
able>
<tr>
<td>
</tr>
<tr>
>>The Eyes of Tammy Faye>r />r />>r>>Christopher | >table>
</tr>
able>
<tr>
<td>
</tr>
<tr>
missed the mist>r />r />>r>>Christopher | >table>
</tr>
able>
<tr>
<td>
</tr>
<tr>
the Swiss army knife>r />r />>r>>Myles | >table>
</tr>
able>
<tr>
<td>
</tr>
<tr>
evaporated milk>r />r />>r>>Emily | >table>
</tr>
able>
</tr>
<tr>
<tr>
<td>
</tr>
<tr>
the Circus Maximus>r />r />>r>>Emily | >table>
</tr>
able>
<tr>
<td>
</tr>
<tr>
Lemony Snicket>r />r />>r>>Emily | >table>
</tr>
able>
<tr>
<td>
</tr>
<tr>
(Ken: What do you want to do here; are you an Oscar buff?) >(Emily: Un, no, but, uh, I am very brave and I would like to make it a True Daily Double.) ... >(Emily: Who is... Cate Blanchett?) (Ken: Sorry, no, the Joel is Joel Coen, this is [*], I'm afraid.) >r />Frances McDormand>r />r />>r>>Emily | >table>
</tr>
able>
<tr>
<td>
</tr>
<tr>
a meatier meteor>r />r />>r>>Christopher | >table>
</tr>
able>
<tr>
<td>
</tr>
<tr>
(Ken: Oh, no, you forgot the [*] infomercial.) [Laughter] >r />m class="correct_response">Ginsu>r />r />>r>>Triple Stumper | >table>
</tr>
able>
<tr>
<td>
</tr>
<tr>
>m class="correct_response">Edam>r />r />>r>>Myles | >table>
</tr>
able>
</tr>
<tr>
<tr>
<td>
</tr>
<tr>
>m class="correct_response">the Palatine>r />r />>r>>Emily | >table>
</tr>
able>
<tr>
<td>
</tr>
<tr>
>m class="correct_response">(Emmett) Till>r />r />>r>>Myles | >table>
</tr>
able>
<tr>
<td>
</tr>
<tr>
>m class="correct_response">>Monster's Ball>r />r />>r>>Christopher | >table>
</tr>
able>
<tr>
<td>
</tr>
<tr>
>m class="correct_response">to use yews>r />r />>r>>Triple Stumper | >table>
</tr>
able>
<tr>
<td>
</tr>
<tr>
>m class="correct_response">>The Spoon River Anthology>r />r />>r>>Emily | >table>
</tr>
able>
<tr>
<td>
</tr>
<tr>
>m class="correct_response">elderberries>r />r />>r>>Emily | >table>
</tr>
able>
</tr>
Scores at the first commercial break (after clue 15):
Christopher |
Emily |
Myles |
$1,800 |
$4,400 |
$2,000 |
Scores at the end of the Jeopardy! Round:
Christopher |
Emily |
Myles |
$3,600 |
$2,200 |
$3,600 |
Double Jeopardy! Round responses
ble class="round">
<tr>>MUSIC TERMS |
<tr>
<tr>>TV COMEDIES BY WORKPLACE |
<tr>
<tr>>YELLOW STONE |
<tr>
<tr>>COLLEGES & UNIVERSITIES |
<tr>
| | | | | | | | | | | | | | | | | | | | | | | | | | | | | | | | | | | | | | | | | | | | | | | | | | | | | | | | | | | | | | | | | | | | | | |